000 00419nam a22001577a 4500
999 _c17633
_d17633
003 OSt
005 20221118141217.0
008 221118b ||||| |||| 00| 0 eng d
040 _c0
100 _aYap, DJ.
_946837
245 _aMetrowide lockdown over COVID-19 pushed /
260 _aPhilippines :
_bPhilippine Daily Inquirer,
_cMarch 10, 2020.
300 _apage A11.
650 _aHealth.
_946838
942 _2ddc
_cPER